000 00587nam a2200157Ia 4500
003 GCL
008 140319s9999 xx 000 0 ara d
040 _aGCL /
_cGCL
082 0 4 _a301.31
_bر ث
100 1 _aشويكار زكى (ترجمة)
245 1 0 _aثورة فى عالم البناء : كيف تؤثر الاحتمالات البيئية والصحية على الانشاءات /
_cشويكار زكى (ترجمة)
700 1 _aلينسن، نيكولاس
700 1 _aرودمان، دافيد مالين
300 _a110 ص
490 _aورلد واتش العربية
_v0
999 _c48308
_d48308